Textos dispares : ensayos sobre arte mexicano del siglo XX /

Guardat en:
Dades bibliogràfiques
Autor principal: Conde, Teresa del (autor)
Format: Llibre
Idioma:espanyol
Publicat: México : UNAM, Instituto de Investigaciones Estéticas : Siglo XXI, 2014, c2014
Matèries:
Etiquetes: Afegir etiqueta
Sense etiquetes, Sigues el primer a etiquetar aquest registre!

MARC

LEADER 00000nam^a2200000^a^4500
001 000402198
005 20250521000000.0
009 20260310121705.665
020 |a 978-607-03-0593-1 
037 |a Acervo ITESO - Biblioteca 
041 |a ESP 
082 |a 709. 7206  |b CON 
100 |a Conde, Teresa del  |e (autor) 
245 1 0 |a Textos dispares :  |b ensayos sobre arte mexicano del siglo XX /  |c T. del Conde. 
264 4 |a México :  |b UNAM, Instituto de Investigaciones Estéticas :  |b Siglo XXI,  |c 2014, c2014 
300 |a 265 p. 
336 |a texto  |b txt  |2 rdacontenido 
337 |a sin mediación  |b n  |2 rdamedio 
338 |a volumen  |b nc  |2 rdasoporte 
649 |a XX 
650 |a Corrientes y Estilos Artísticos -  |z México -  |x Historia -  |y Siglo XX 
650 |a Nacionalismo en el Arte -  |z México -  |x Historia y Crítica 
650 |a Pintura Mural -  |z México -  |x Historia y Crítica 
650 |a Surrealismo -  |z México -  |x Historia y Crítica 
650 |a Generación de la Ruptura (México) -  |x Historia y Crítica 
650 |a Arte Abstracto -  |z México -  |x Historia y Crítica 
650 |a Arte Moderno -  |z México -  |x Historia y Crítica 
650 |a Arte Mexicano -  |y Siglo XX -  |x Tema Principal 
650 |a Arte Mexicano -  |x Historia y Crítica -  |x Tema Principal 
650 |a Arte -  |x Historia y Crítica -  |x Teoría 
650 |a Ruelas, Julio 
650 |a Rivera, Diego 
650 |a Orozco, José Clemente 
650 |a Siqueiros 
650 |a Kahlo, Frida 
650 |a Cuevas, José Luis 
650 |a Felguérez, Manuel 
600 |a Toledo, Francisco 
910 |a Fondo General 
920 |a Impresos - Libros 
930 |a Colección General 
905 |a 101 
901 |a 0500297425  |b IT1  |c ACC  |i c144624  |u 20250521 
902 |a https://opac.biblio.iteso.mx/vufind/Record/000402198